159 Cidades de Portugal - Statistics

Estatísticas Gerais
  • Esse quiz foi jogado 1 985 vezes
    1 970 desde o último reset
  • A pontuação média é 48 de 160
Estatísticas das Respostas
¤ Resposta % Correto
103 Porto
90%
65 Lisboa
89%
22 Braga
87%
44 Faro
80%
31 Coimbra
78%
17 Aveiro
77%
23 Braganca
73%
20 Beja
71%
42 Evora
71%
64 Leiria
70%
131 Setubal
70%
158 Viseu
68%
29 Castelo Branco
67%
56 Guarda
67%
156 Vila Real
65%
12 Amadora
64%
121 Santarem
62%
148 Viana do Castelo
62%
154 Vila Nova de Gaia
62%
101 Portalegre
61%
102 Portimao
61%
50 Funchal
58%
9 Almada
56%
5 Albufeira
53%
77 Matosinhos
48%
30 Chaves
46%
33 Covilha
44%
47 FIgueira da Foz
43%
62 Lagos
43%
99 Ponta Delgada
43%
18 Barcelos
41%
45 Fatima
39%
73 Maia
39%
69 Loures
38%
34 Elvas
37%
152 Vila Nova de Famalicao
37%
13 Amarante
36%
19 Barreiro
36%
38 Espinho
36%
136 Tomar
36%
86 Olhao da Restauracao
35%
105 Povoa de Varzim
35%
91 Ovar
34%
95 Peniche
34%
119 Santa Maria da Feira
34%
133 Sines
34%
135 Tavira
34%
139 Torres Vedras
34%
68 Loule
33%
81 Mirandela
33%
94 Penafiel
33%
157 Vila Real de Santo Antonio
33%
1 Abrantes
32%
54 Gondomar
32%
59 Ilhavo
32%
85 Odivelas
32%
100 Ponte de Sor
32%
3 Agueda
31%
7 Alcobaca
31%
16 Angra do Heroismo
31%
128 Seixal
31%
2 Agualva-Cacem
30%
43 Fafe
30%
63 Lamego
30%
124 Sao Joao da Madeira
30%
151 Vila Franca de Xira
30%
58 Horta
29%
83 Montijo
29%
92 Pacos de Ferreira
29%
108 Queluz
29%
137 Tondela
28%
138 Torres Novas
28%
39 Esposende
27%
41 Estremoz
27%
122 Santiago do Cacem
27%
51 Fundao
26%
60 | 61 Lagoa
26%
80 Miranda do Douro
25%
96 Peso da Regua
25%
6 Alcacer do Sal
24%
35 Entroncamento
24%
46 Felgueiras
24%
89 Oliveira do Hospital
24%
90 Ourem
24%
93 Paredes
24%
98 Pombal
24%
113 Rio Tinto
24%
127 Seia
24%
143 Vale de Cambra
24%
10 Almeirim
23%
14 Amora
23%
36 Ermesinde
22%
82 Montemor-o-Novo
22%
107 Quarteira
22%
11 Alverca do Ribatejo
21%
15 Anadia
21%
87 Oliveira de azemeis
21%
132 Silves
21%
145 Valongo
21%
159 Vizela
21%
27 Cantanhede
20%
40 Estarreja
20%
76 Marinha Grande
20%
84 Moura
20%
141 Trofa
20%
4 Albergaria-a-Velha
19%
55 Gouveia
19%
74 Mangualde
19%
112 Rio Maior
19%
123 Santo Tirso
19%
78 Mealhada
18%
28 Cartaxo
17%
32 Costa da Caparica
17%
71 Macedo de Cavaleiros
17%
75 Marco de Canaveses
17%
130 Serpa
16%
144 Valenca
16%
21 Borba
15%
72 Machico
15%
88 Oliveira do Bairro
15%
25 Camara de Lobos
14%
57 Guimares
14%
111 Ribeira Grande
14%
37 Esmoriz
13%
97 Pinhel
13%
110 Reguengos de Monsaraz
13%
118 Santa Cruz
13%
106 Praia da Vitoria
12%
114 Sabugal
12%
115 Sacavem
12%
126 Sao Pedro do Sul
12%
150 Vila de Conde
12%
8 Alfena
11%
52 Gafanha da Nazare
11%
70 Lourosa
11%
79 Meda
11%
104 Povoa de Santa Iria
11%
117 Santa Comba Dao
11%
120 Santana
11%
140 Trancoso
11%
147 Vendas Novas
11%
26 Canico
10%
53 Gandra
10%
66 Lixa
10%
134 Tarouca
10%
146 Valpacos
10%
153 Vila Nova de Foz Coa
10%
48 Fiaes
9%
49 Freamunde
9%
116 Samora Correia
9%
125 Sao Mamede de Infesta
9%
67 Lordelo
8%
109 Rebordosa
8%
24 Calda da Rainha
7%
129 Senhorta da Hora
7%
155 Vila Nova de Santo Andre
7%
149 Vila Baleira
5%
142 Valvom
4%
B (06) x
4%
Nenhum quiz correspondente encontrado
Distribuição das Pontuações
Porcentagem de Pessoas com Cada Pontuação
Percentil de Números Respondidos
Sua Pontuação Histórica
Você não jogou esse quiz desde o último reset